Leaders we deserve (Record no. 349950)

000 -LEADER
fixed length control field 00314cam a22001217a 4500
008 - FIXED-LENGTH DATA ELEMENTS--GENERAL INFORMATION
fixed length control field 180718b1983 xxu||||| |||| 00| 0 eng d
082 ## - DEWEY DECIMAL CLASSIFICATION NUMBER
Classification number I51 M318
100 ## - MAIN ENTRY--PERSONAL NAME
Personal name Mant, Alistair
245 ## - TITLE STATEMENT
Title Leaders we deserve
Statement of responsibility, etc. by Alistair Mant
260 ## - PUBLICATION, DISTRIBUTION, ETC.
Place of publication, distribution, etc. Oxford
Name of publisher, distributor, etc. Martin Robertson
Date of publication, distribution, etc. 1983
300 ## - PHYSICAL DESCRIPTION
Extent 250p.
650 ## - SUBJECT ADDED ENTRY--TOPICAL TERM
Topical term or geographic name entry element Leadership
Holdings
Withdrawn status Lost status Damaged status Not for loan Permanent Location Current Location Date acquired Full call number Barcode Date last seen Price effective from Koha item type
        Indian Institute of Public Administration Indian Institute of Public Administration 1993-11-02 I51 M318 59987 2018-07-21 2018-07-21 Book

Powered by Koha